Canción de Rachel / (Record no. 16519)

MARC details
000 -LEADER
fixed length control field 02237cam a2200397 a 4500
001 - CONTROL NUMBER
control field 770602647
003 - CONTROL NUMBER IDENTIFIER
control field OCoLC
005 - DATE AND TIME OF LATEST TRANSACTION
control field 20170217145023.0
008 - FIXED-LENGTH DATA ELEMENTS--GENERAL INFORMATION
fixed length control field 120104s2011 sp 000 1 spa d
020 ## - INTERNATIONAL STANDARD BOOK NUMBER
International Standard Book Number 9788492663514 (pbk.)
020 ## - INTERNATIONAL STANDARD BOOK NUMBER
International Standard Book Number 8492663510 (pbk.)
035 ## - SYSTEM CONTROL NUMBER
System control number (OCoLC)770602647
040 ## - CATALOGING SOURCE
Original cataloging agency C3L
Language of cataloging eng
Transcribing agency C3L
Modifying agency PL#
-- BTCTA
-- YDXCP
-- FUG
-- OCLCO
-- JTH
-- TnLvILS
041 ## - LANGUAGE CODE
Language code of text/sound track or separate title spa
043 ## - GEOGRAPHIC AREA CODE
Geographic area code nwcu---
045 ## - TIME PERIOD OF CONTENT
Time period code x4x-
082 04 - DEWEY DECIMAL CLASSIFICATION NUMBER
Classification number 863
Edition number 23
092 ## - LOCALLY ASSIGNED DEWEY CALL NUMBER (OCLC)
Classification number FIC BARNET
100 1# - MAIN ENTRY--PERSONAL NAME
Personal name Barnet, Miguel,
Dates associated with a name 1940-
245 10 - TITLE STATEMENT
Title Canción de Rachel /
Statement of responsibility, etc. Miguel Barnet.
250 ## - EDITION STATEMENT
Edition statement 1. ed.
260 ## - PUBLICATION, DISTRIBUTION, ETC. (IMPRINT)
Place of publication, distribution, etc. Barcelona :
Name of publisher, distributor, etc. Libros del Asteroide,
Date of publication, distribution, etc. 2011.
300 ## - PHYSICAL DESCRIPTION
Extent 142 p. ;
Dimensions 20 cm.
500 ## - GENERAL NOTE
General note "Presentación de Italo Calvino."
500 ## - GENERAL NOTE
General note Novel.
500 ## - GENERAL NOTE
General note First publ. 1969.
500 ## - GENERAL NOTE
General note M. Barnet, Cuban writer.
520 ## - SUMMARY, ETC.
Summary, etc. Set in Cuba during the 1920s, this novel recounts the eventful life of a cabaret dancer named Rachel. The protagonist is an actress, a dancer, and a heartbreaker who takes readers on a guided tour through the different stages of her past, from the filthy theaters, cabarets, and circuses in which she debuted, to the mythical Alhambra Theater in which she reached the height of her career. In addition to Rachel's narrative, the voices of stagehands, journalists, friends, enemies, and gossips depict an accurate portrait of the customs during the Cuban belle ©♭poque.
520 ## - SUMMARY, ETC.
Summary, etc. Ambientada en Cuba durante los anos 20, esta novela cuenta la azarosa existencia de una cabaretera llamada Rachel. La protagonista es una actriz, bailarina y rompecorazones que acompañará al lector en un recorrido a través de todos los escenarios de su memoria, desde los cochambrosos teatrillos, cabarets y circos en los que debutó hasta el mítico teatro Alhambra en el que triunfaría. Junto a la narración de Rachel, las voces de tramoyistas, periodistas, amigos, enemigos y chismosos componen un verdadero retrato de las costumbres de la belle époque cubana.
650 #0 - SUBJECT ADDED ENTRY--TOPICAL TERM
Topical term or geographic name as entry element Dancers
Geographic subdivision Cuba
Form subdivision Fiction.
650 #0 - SUBJECT ADDED ENTRY--TOPICAL TERM
Topical term or geographic name as entry element Actresses
Geographic subdivision Cuba
Form subdivision Fiction.
650 #0 - SUBJECT ADDED ENTRY--TOPICAL TERM
Topical term or geographic name as entry element Theaters
Geographic subdivision Cuba
Form subdivision Fiction.
651 #0 - SUBJECT ADDED ENTRY--GEOGRAPHIC NAME
Geographic name Cuba
General subdivision History
Chronological subdivision 1909-1933
Form subdivision Fiction.
655 #7 - INDEX TERM--GENRE/FORM
Genre/form data or focus term Historical fiction.
Source of term lcgft.
942 ## - ADDED ENTRY ELEMENTS (KOHA)
Koha item type Libro/Book
Holdings
Withdrawn status Lost status Damaged status Not for loan Home library Current library Shelving location Date acquired Inventory number Total Checkouts Full call number Barcode Date last seen Date checked out Price effective from Koha item type
        San Juan Del Sur -- Biblioteca San Juan Del Sur -- Biblioteca General Stacks 17/02/2017 Inventory date: 15-5-25 3 F Bar 30024262 21/11/2024 28/09/2024 17/02/2017 Libro/Book

Powered by Koha